BIOMECHANICS AND KINESIOLOGY (Record no. 1167051)

MARC details
000 -LEADER
fixed length control field 00328nam a2200133Ia 4500
008 - FIXED-LENGTH DATA ELEMENTS--GENERAL INFORMATION
fixed length control field 240624s2017 xx und d
020 ## - INTERNATIONAL STANDARD BOOK NUMBER
International Standard Book Number 9788178799940
041 ## - LANGUAGE CODE
Language code of text/sound track or separate title eng
082 ## - DEWEY DECIMAL CLASSIFICATION NUMBER
Classification number 531.796
Item number KUS
100 ## - MAIN ENTRY--PERSONAL NAME
Personal name KUSUM LATA
245 ## - TITLE STATEMENT
Title BIOMECHANICS AND KINESIOLOGY
260 ## - PUBLICATION, DISTRIBUTION, ETC.
Place of publication, distribution, etc. New Delhi
Name of publisher, distributor, etc. SPORTS PUB
Date of publication, distribution, etc. 2017
300 ## - PHYSICAL DESCRIPTION
Extent 343P
Holdings
Withdrawn status Lost status Damaged status Not for loan Home library Current library Shelving location Date acquired Cost, normal purchase price Total Checkouts Barcode Date last seen Price effective from Koha item type
        College of Physical Education, Pune College of Physical Education, Pune R/23 15/03/2024 800.00   PEP-BPED-6268 24/06/2024 24/06/2024 Textbook